000 00529nam a2200217Ia 4500
003 OSt
005 20221005120936.0
006 a|||||r|||| 00| 0
007 ta
008 221004b |||||||| |||| 00| 0 eng d
024 _a114604
037 _cTextual
040 _aCRL
_cCRL
_beng
041 _2eng
_aeng
100 _aDuggal B D
_9629853
245 0 _aFudamentals of modern physics
260 _c1986
700 _a Chhabra C L
_9629854
942 _cTEXL
_2cc
999 _c1039621
_d1039621